| 000 | 00430nam a2200181Ia 4500 | ||
|---|---|---|---|
| 008 | 210210b1964 xxu||||| |||| 00| 0 eng d | ||
| 041 | _aeng | ||
| 082 | _a954/389 | ||
| 100 | _aSASTRI (K A Nilakanta) | ||
| 245 | _aSources of Indian history | ||
| 260 |
_aBombay _bAsia Publishing House _c1964 |
||
| 650 | _aSources | ||
| 650 | _aof | ||
| 650 | _aIndian | ||
| 650 | _ahistory | ||
| 690 | _aIndian History | ||
| 906 | _a026146 | ||
| 999 |
_c152102 _d152102 |
||